[Event "ch-CHN w 2012"]
[Site "Xinghua CHN"]
[Date "2012.04.02"]
[Round "6"]
[White "Wang, Yu A."]
[Black "Ding, Yixin"]
[Result "1/2-1/2"]
[WhiteTitle "IM"]
[BlackTitle "WGM"]
[WhiteElo "2372"]
[BlackElo "2350"]
[WhiteFideId "8601097"]
[BlackFideId "8602972"]
[EventDate "2012.03.27"]

1. e4 c5 2. Nf3 d6 3. d4 cxd4 4. Nxd4 Nf6 5. Nc3 Nc6 6. Bc4 e6 7. Be3 Be7 8. Qe2
a6 9. O-O-O O-O 10. Bb3 Qc7 11. Rhg1 Na5 12. g4 Nxb3+ 13. axb3 b5 14. g5 Nd7 15.
h4 b4 16. Na4 Nc5 17. Kb1 Bd7 18. h5 Bxa4 19. bxa4 Nxa4 20. g6 Bf6 21. gxh7+ Kh8
22. h6 g6 23. Qf3 Be5 24. Bf4 d5 25. Bxe5+ Qxe5 26. exd5 exd5 27. Qb3 Nc5 28.
Nf3 Qe4 29. Qxd5 Qxd5 30. Rxd5 Rac8 31. Ng5 f6 32. Rxc5 fxg5 33. Rcxg5 Rxf2 34.
Rxg6 Rcxc2 35. Rxa6 Rxb2+ 36. Ka1 Rg2 37. Re1 Rbe2 1/2-1/2

[Event "ch-CHN w 2012"]
[Site "Xinghua CHN"]
[Date "2012.04.02"]
[Round "6"]
[White "Ju, Wenjun"]
[Black "Huang, Qian"]
[Result "0-1"]
[WhiteTitle "WGM"]
[BlackTitle "WGM"]
[WhiteElo "2557"]
[BlackElo "2399"]
[WhiteFideId "8603006"]
[BlackFideId "8602689"]
[EventDate "2012.03.27"]

1. d4 Nf6 2. c4 g6 3. Nc3 Bg7 4. e4 d6 5. f4 O-O 6. Nf3 e5 7. fxe5 dxe5 8. d5 c6
9. Bd3 b5 10. O-O bxc4 11. Bxc4 cxd5 12. exd5 Nbd7 13. Kh1 Bb7 14. d6 Rc8 15.
Bb3 Ba6 16. Re1 Ng4 17. Be3 Nxe3 18. Rxe3 Qb6 19. Re1 Nc5 20. Na4 Nxa4 21. Bxa4
Rcd8 22. d7 Bb5 23. Nxe5 Bxe5 24. Rxe5 Rxd7 25. Qb3 Bxa4 26. Qxa4 Qxb2 27. Rae1
Rd2 28. Re8 Rxe8 29. Qxe8+ Kg7 30. Rf1 Rf2 31. Rg1 Re2 32. Qa4 Qxa2 33. Qd4+ f6
34. Ra1 Qf7 35. h3 Re7 36. Qc5 Rc7 37. Qb5 Qd7 38. Qa6 Qd4 39. Rb1 Re7 40. Qa3
Rf7 41. Qa6 f5 42. Qc8 Re7 43. Qa6 f4 44. Qa3 Rf7 45. Rf1 Qe5 46. Qa6 Qc3 47.
Rf3 Qd4 48. Rf1 Qf6 49. Qa4 Qe5 50. Qa6 h5 51. Rf3 Qf6 52. Qa5 Qd4 53. Rf1 Re7
54. Qa3 Rf7 55. Qa5 Kh7 56. Qa2 Qd7 57. Rf3 Qf5 58. Ra3 Qd7 59. Rf3 Qe7 60. Qc4
a5 61. Rxf4 Rxf4 62. Qxf4 Qd7 63. h4 a4 64. Qb4 Kg8 65. Kh2 Qa7 66. Qc4+ Kh7 67.
Qa2 a3 68. Kg3 Kg7 69. Qa1+ Kg8 70. Qa2+ Kf8 71. Qa1 Qb8+ 72. Kh3 Qb2 73. Qf1+
Kg7 74. Qe1 Qf6 75. Qe2 Qf7 76. Qa6 a2 77. Qa4 Qd5 78. Qa7+ Kf6 79. Qa3 Qf5+ 80.
Kh2 Qe5+ 81. g3 a1=Q 0-1

[Event "ch-CHN w 2012"]
[Site "Xinghua CHN"]
[Date "2012.04.02"]
[Round "6"]
[White "Guo, Qi"]
[Black "Tan, Zhongyi"]
[Result "1/2-1/2"]
[WhiteTitle "WGM"]
[BlackTitle "WGM"]
[WhiteElo "2351"]
[BlackElo "2438"]
[WhiteFideId "8604002"]
[BlackFideId "8603642"]
[EventDate "2012.03.27"]

1. d4 d5 2. Nf3 Nf6 3. c4 e6 4. Nc3 Bb4 5. cxd5 exd5 6. Bg5 h6 7. Bh4 c5 8. e3
g5 9. Bg3 Ne4 10. Rc1 c4 11. Be2 Qa5 12. Ne5 O-O 13. Bf3 f6 14. Bxe4 dxe4 15.
Qh5 Bf5 16. Ng4 Nd7 17. h4 Kg7 18. Nxh6 Bg6 19. Qg4 Rad8 20. hxg5 Qxg5 21. Qxg5
fxg5 22. Ng4 Bf5 23. Ne5 Nxe5 24. Bxe5+ Kg6 25. O-O a6 26. Ne2 b5 27. Ng3 Rc8
28. Nxf5 Kxf5 29. a3 Ba5 30. Rc2 g4 31. Rd1 Ke6 32. Kh2 Rf7 33. Kg3 Rh7 34. Rcc1
Kd5 35. Rh1 Rxh1 36. Rxh1 c3 37. bxc3 Bxc3 38. Rh6 a5 39. Rb6 b4 40. axb4 axb4
41. Kxg4 Kc4 42. Kf5 b3 43. d5 Rf8+ 44. Kxe4 Re8 45. Rc6+ Kb4 46. Rb6+ Kc4 1/2-1/2

[Event "ch-CHN w 2012"]
[Site "Xinghua CHN"]
[Date "2012.04.02"]
[Round "6"]
[White "Gu, Xiaobing"]
[Black "Zhang, Xiaowen"]
[Result "1/2-1/2"]
[WhiteTitle "WGM"]
[BlackTitle "WGM"]
[WhiteElo "2257"]
[BlackElo "2354"]
[WhiteFideId "8602611"]
[BlackFideId "8603219"]
[EventDate "2012.03.27"]

1. e4 e6 2. d4 d5 3. Nd2 c5 4. exd5 exd5 5. Bb5+ Nc6 6. Qe2+ Qe7 7. dxc5 Qxe2+
8. Nxe2 Bxc5 9. Nb3 Bb6 10. O-O Ne7 11. c3 O-O 12. Rd1 Bg4 13. h3 Bh5 14. Re1
Rad8 15. Nf4 Bg6 16. Be3 Bxe3 17. Rxe3 d4 18. cxd4 Nf5 19. Nxg6 hxg6 20. Re4
Nfxd4 21. Nxd4 Nxd4 22. Ba4 Ne6 23. Re2 a6 24. Rae1 b5 25. Bb3 Nd4 26. Re3 Nxb3
27. Rxb3 Rd2 28. a4 bxa4 29. Rb4 a5 30. Rxa4 Rxb2 31. Rxa5 Rb7 32. g4 f6 33. Kg2
Kf7 34. h4 Re8 35. Rc1 Re2 36. Rc4 Rbe7 37. Kg3 Re1 38. g5 Rg1+ 39. Kf3 Rge1 40.
Ra8 fxg5 41. hxg5 R1e5 42. Rcc8 Rxg5 43. Rf8+ Ke6 44. Ra6+ Kd7 45. Kf4 Rc5 46.
Rxg6 Rc4+ 47. Kg3 Rc6 48. Rg4 Rf6 49. Rg8 Rff7 50. Rg6 Re2 51. f4 Re3+ 52. Kg2
Rxf4 53. R8xg7+ Re7 54. Rxe7+ 1/2-1/2

[Event "ch-CHN w 2012"]
[Site "Xinghua CHN"]
[Date "2012.04.02"]
[Round "6"]
[White "Wang, Jue"]
[Black "Wang, Xiaohui"]
[Result "1-0"]
[BlackTitle "WIM"]
[WhiteElo "2366"]
[BlackElo "2209"]
[WhiteFideId "8604070"]
[BlackFideId "8603073"]
[EventDate "2012.03.27"]

1. e4 d6 2. d4 Nf6 3. Nc3 g6 4. Be3 c6 5. Qd2 b5 6. Bd3 Nbd7 7. Nf3 e5 8. O-O
Bb7 9. a3 a6 10. Rfe1 Bg7 11. h3 O-O 12. Bh6 exd4 13. Nxd4 c5 14. Nf3 Ne5 15.
Nh2 Bxh6 16. Qxh6 b4 17. axb4 cxb4 18. Nd1 d5 19. exd5 Nxd3 20. cxd3 Nxd5 21.
Ng4 Qd6 22. Nde3 Nxe3 23. Rxe3 f5 24. Qh4 Qd5 25. Nh6+ Kh8 26. f3 f4 27. Re7 g5
28. Qf2 Rad8 29. Rae1 Bc8 30. d4 Rf6 31. R1e5 Qc4 32. Rc5 Qb3 33. Qe2 Be6 34.
Rxg5 Rdf8 35. Ng4 Bxg4 36. hxg4 Qa4 37. Qe4 Qd1+ 38. Kh2 1-0

[Event "ch-CHN w 2012"]
[Site "Xinghua CHN"]
[Date "2012.04.03"]
[Round "7"]
[White "Wang, Xiaohui"]
[Black "Wang, Yu A."]
[Result "1/2-1/2"]
[WhiteTitle "WIM"]
[BlackTitle "IM"]
[WhiteElo "2209"]
[BlackElo "2372"]
[WhiteFideId "8603073"]
[BlackFideId "8601097"]
[EventDate "2012.03.27"]

1. d4 d5 2. c4 c6 3. Nf3 Nf6 4. Nc3 dxc4 5. a4 Na6 6. e3 Bg4 7. Bxc4 e6 8. Qb3
Nb4 9. Bd2 a5 10. Ne5 Bf5 11. Rc1 Bd6 12. f4 O-O 13. O-O c5 14. Nb5 Bxe5 15.
fxe5 Ne4 16. Qd1 Qg5 17. Rf4 Rad8 18. Qe2 Nxd2 19. Qxd2 cxd4 20. exd4 Bd3 21.
Nd6 Bxc4 22. Rxc4 Rd7 23. Ne4 Qg6 24. Rc3 Nd5 25. Rg3 Nxf4 26. Qxf4 f5 27. exf6
Qh5 28. h3 Qd1+ 29. Kh2 Qxd4 30. Qh6 Qxe4 31. Rxg7+ Kh8 32. Rxd7 Qe5+ 33. Kh1
Qe1+ 34. Kh2 Qe5+ 35. Kh1 Qe1+ 1/2-1/2

[Event "ch-CHN w 2012"]
[Site "Xinghua CHN"]
[Date "2012.04.03"]
[Round "7"]
[White "Zhang, Xiaowen"]
[Black "Wang, Jue"]
[Result "1-0"]
[WhiteTitle "WGM"]
[WhiteElo "2354"]
[BlackElo "2366"]
[WhiteFideId "8603219"]
[BlackFideId "8604070"]
[EventDate "2012.03.27"]

1. e4 c5 2. Nf3 e6 3. d3 Nc6 4. g3 Nf6 5. Bg2 d5 6. Nbd2 Be7 7. O-O O-O 8. Re1
b5 9. e5 Nd7 10. Nf1 Re8 11. h4 h6 12. N1h2 Bb7 13. Ng4 Bf8 14. Bf4 Ne7 15. d4
Nf5 16. c3 b4 17. cxb4 cxd4 18. a3 a5 19. bxa5 Qxa5 20. Nxd4 Qa7 21. Nxf5 exf5
22. Ne3 Bc5 23. Nxf5 Bxf2+ 24. Kh2 Qb6 25. Qg4 Qg6 26. Qxg6 fxg6 27. Nd6 g5 28.
Rf1 gxf4 29. Rxf2 fxg3+ 30. Kxg3 Rxe5 31. Nxb7 Rb8 32. Na5 Nf6 33. b4 Re3+ 34.
Rf3 Re2 35. Rxf6 gxf6 36. Bxd5+ Kf8 37. Kf3 Rd2 38. Bc4 Rb6 39. Rg1 Rh2 40. Kg3
Rc2 41. Bb3 Rc3+ 42. Kf4 Rb5 43. Rg8+ Ke7 44. Rg7+ Kd6 45. Bd1 Re5 46. Bg4 Re7
47. Nb7+ Rxb7 48. Rxb7 Rxa3 49. Rb6+ Ke7 50. Re6+ Kf7 51. Kf5 Ra1 52. Bh5+ Kg7
53. Re7+ Kf8 54. Rf7+ Kg8 55. Kg6 Rg1+ 56. Kxh6 Rh1 57. Re7 1-0

[Event "ch-CHN w 2012"]
[Site "Xinghua CHN"]
[Date "2012.04.03"]
[Round "7"]
[White "Tan, Zhongyi"]
[Black "Gu, Xiaobing"]
[Result "1-0"]
[WhiteTitle "WGM"]
[BlackTitle "WGM"]
[WhiteElo "2438"]
[BlackElo "2257"]
[WhiteFideId "8603642"]
[BlackFideId "8602611"]
[EventDate "2012.03.27"]

1. g3 Nf6 2. Bg2 g6 3. d4 Bg7 4. e4 d6 5. Nc3 c6 6. a4 Nbd7 7. Nge2 O-O 8. O-O
e5 9. h3 Re8 10. dxe5 dxe5 11. a5 Nc5 12. Qxd8 Rxd8 13. Be3 Bf8 14. Rfd1 Be6 15.
f3 Rxd1+ 16. Nxd1 Ne8 17. Nf2 Nc7 18. Ng4 Nd7 19. Rd1 Be7 20. f4 exf4 21. gxf4
Nf6 22. Ne5 Na6 23. Nd3 Nd7 24. Nd4 Bc4 25. Nf2 Ndc5 26. f5 f6 27. Ng4 Rd8 28.
e5 fxe5 29. Nxe5 Bd5 30. fxg6 Bxg2 31. Kxg2 hxg6 32. Rf1 Rd6 33. Ng4 Rd7 34.
Nh6+ Kh8 35. Rf7 Bh4 36. Ne6 Rxf7 37. Nxf7+ Kg8 38. Nh6+ Kh7 39. Nxc5 Nxc5 40.
Bxc5 Kxh6 41. Bxa7 Kg5 42. Bf2 Bxf2 43. Kxf2 Kf4 44. b4 g5 45. Kg2 g4 46. h4 1-0

[Event "ch-CHN w 2012"]
[Site "Xinghua CHN"]
[Date "2012.04.03"]
[Round "7"]
[White "Nie, Xin"]
[Black "Guo, Qi"]
[Result "1-0"]
[BlackTitle "WGM"]
[WhiteElo "2053"]
[BlackElo "2351"]
[WhiteFideId "8605610"]
[BlackFideId "8604002"]
[EventDate "2012.03.27"]

1. d4 d5 2. c4 e5 3. Nc3 exd4 4. Qxd4 Nc6 5. Qxd5 Be6 6. Qxd8+ Rxd8 7. Bg5 f6 8.
Bf4 Bxc4 9. Rc1 Bb4 10. a3 Ba5 11. b4 Bb6 12. Na4 Bb3 13. Nxb6 cxb6 14. e3 Nge7
15. Bb5 Kf7 16. Nf3 Rd5 17. Be2 Rd7 18. Nd2 Be6 19. Nc4 Rhd8 20. b5 Na5 21. Nxa5
bxa5 22. O-O a4 23. e4 Rc8 24. Be3 Rdc7 25. Rxc7 Rxc7 26. Bxa7 Rc2 27. Re1 Nc8
28. Be3 Nd6 29. f3 Rb2 30. Bd4 Rb3 31. b6 Nc8 32. Rc1 Nxb6 33. Bd1 Rb5 34. Rc7+
Kg8 35. Bxb6 Rb1 36. Rxb7 Rxd1+ 37. Kf2 Rd7 38. Rb8+ Kf7 39. Bc5 Rd2+ 40. Kg3 g5
41. Rb7+ Kg6 42. Rb6 Kf7 43. Bb4 Rc2 44. Rb7+ Kg6 45. Bf8 f5 46. exf5+ Bxf5 47.
h4 gxh4+ 48. Kxh4 Kf6 49. g4 Bd3 50. Ra7 Rc4 51. Bb4 Bc2 52. Kg3 Kg6 53. Ra6+
Kf7 54. f4 Rd4 55. Ra7+ Kg8 56. Ra8+ Kf7 57. Rf8+ Kg7 58. Rc8 Rd3+ 59. Kh4 Bb3
60. Rc7+ Kg8 61. Kg5 Re3 62. f5 Re8 63. f6 Bf7 64. Ra7 Re5+ 65. Kf4 Re6 66. Kf5
Re2 67. Rxa4 Be6+ 68. Kg5 Re5+ 69. Kf4 Re2 70. g5 Bf7 71. Ra8+ Re8 72. Ra7 Rb8
73. Bd6 Rd8 74. Be7 Rc8 75. a4 Bd5 76. Ke5 Ra8 77. Rxa8+ Bxa8 78. Ke6 1-0

[Event "ch-CHN w 2012"]
[Site "Xinghua CHN"]
[Date "2012.04.03"]
[Round "7"]
[White "Huang, Qian"]
[Black "Wang, Doudou"]
[Result "1-0"]
[WhiteTitle "WGM"]
[WhiteElo "2399"]
[BlackElo "2186"]
[WhiteFideId "8602689"]
[BlackFideId "8603197"]
[EventDate "2012.03.27"]

1. d4 Nf6 2. c4 g6 3. Nc3 Bg7 4. Nf3 O-O 5. e3 c5 6. Be2 cxd4 7. exd4 d5 8. c5
Ne4 9. Qb3 e6 10. O-O Nc6 11. Rd1 f5 12. Bb5 Bd7 13. Bxc6 Bxc6 14. Bf4 g5 15.
Be5 g4 16. Bxg7 gxf3 17. Bxf8 Qg5 18. g3 Qg4 19. Nxe4 fxe4 20. Kf1 Rxf8 21. Ke1
Qh5 22. h4 Qh6 23. a4 a6 24. Qc3 a5 25. Qd2 Qf6 26. Qe3 Kf7 27. b3 Kg7 28. Rac1
Re8 29. Kd2 Kf7 30. Kc2 Kg7 31. Kb1 h5 32. Ka2 Kh7 33. Qc3 Ra8 34. Qd2 Qf5 35.
Qc3 Qf6 36. Rg1 Qf5 37. Kb2 Qg4 38. Rcd1 Qf5 39. Qd2 Qg4 40. Kc3 Rf8 41. Kc2 Ra8
42. Qf4 Qxf4 43. gxf4 Rf8 44. Rg5 Kh6 45. Rdg1 Rxf4 46. Kd2 Rxh4 47. Ke3 Rh2 48.
Rg7 h4 49. Kf4 Rxf2 50. R1g6+ Kh5 51. Rxe6 1-0

[Event "ch-CHN w 2012"]
[Site "Xinghua CHN"]
[Date "2012.04.03"]
[Round "7"]
[White "Ding, Yixin"]
[Black "Ju, Wenjun"]
[Result "1/2-1/2"]
[WhiteTitle "WGM"]
[BlackTitle "WGM"]
[WhiteElo "2350"]
[BlackElo "2557"]
[WhiteFideId "8602972"]
[BlackFideId "8603006"]
[EventDate "2012.03.27"]

1. e4 c5 2. Nf3 d6 3. d4 cxd4 4. Qxd4 Nc6 5. Bb5 Bd7 6. Bxc6 Bxc6 7. Nc3 h6 8.
Be3 Nf6 9. O-O-O e5 10. Qd3 Be7 11. Rhg1 Qd7 12. Nh4 g6 13. g3 Ng4 14. Nf3 Rc8
15. Kb1 b5 16. Rge1 a6 17. Nd2 b4 18. Nd5 Bb5 19. Qb3 Ba4 20. Qxb4 Bxc2+ 21. Ka1
Bxd1 22. Rxd1 Qb5 23. Qa3 Qe2 24. Qa4+ Qb5 25. Qa3 Nf6 26. Nxe7 Kxe7 27. Nc4
Rhd8 28. Nxd6 Ke6 29. f4 Nxe4 30. fxe5 Rb8 31. Re1 Qb4 32. Qxb4 Rxb4 33. a3 Ra4
34. b3 Nxd6 35. bxa4 Nf5 36. Bc1 Rd4 37. a5 g5 38. Kb1 Rd5 39. Bb2 Rxa5 40. g4
Ne7 41. Rf1 Nd5 42. h4 Ra4 43. hxg5 hxg5 44. Rh1 Nf4 45. Rh8 Ng6 46. Ra8 Ra5 47.
Re8+ Kd7 48. Rg8 Ra4 49. Ra8 Ra5 50. Rg8 Rd5 51. Kc2 Rc5+ 52. Kb3 Rb5+ 53. Kc2
Ke6 54. Re8+ Kd7 55. Rg8 Ke6 56. Re8+ Kd7 57. Rg8 1/2-1/2

[Event "ch-CHN w 2012"]
[Site "Xinghua CHN"]
[Date "2012.04.04"]
[Round "8"]
[White "Wang, Yu A."]
[Black "Ju, Wenjun"]
[Result "1/2-1/2"]
[WhiteTitle "IM"]
[BlackTitle "WGM"]
[WhiteElo "2372"]
[BlackElo "2557"]
[WhiteFideId "8601097"]
[BlackFideId "8603006"]
[EventDate "2012.03.27"]

1. e4 c5 2. Nf3 d6 3. d4 cxd4 4. Nxd4 Nf6 5. Nc3 a6 6. Be2 e5 7. Nb3 Be7 8. g4
h6 9. f4 b5 10. g5 Nfd7 11. Nd5 Bb7 12. O-O Bxd5 13. Qxd5 Nb6 14. Qb7 N8d7 15.
g6 O-O 16. gxf7+ Rxf7 17. fxe5 Rxf1+ 18. Bxf1 Nxe5 19. Nd4 Rb8 20. Qa7 Ra8 21.
Qb7 Rb8 22. Qa7 Ra8 23. Qb7 Rb8 1/2-1/2

[Event "ch-CHN w 2012"]
[Site "Xinghua CHN"]
[Date "2012.04.04"]
[Round "8"]
[White "Wang, Doudou"]
[Black "Ding, Yixin"]
[Result "1/2-1/2"]
[BlackTitle "WGM"]
[WhiteElo "2186"]
[BlackElo "2350"]
[WhiteFideId "8603197"]
[BlackFideId "8602972"]
[EventDate "2012.03.27"]

1. d4 b5 2. e4 a6 3. a4 b4 4. Be3 Bb7 5. f3 e6 6. c4 d5 7. exd5 exd5 8. c5 Ne7
9. Bd3 g6 10. Ne2 Bg7 11. O-O Nbc6 12. Nd2 Bc8 13. Nb3 Nf5 14. Bxf5 Bxf5 15. Ng3
Be6 16. Qd2 O-O 17. Bg5 f6 18. Bh6 a5 19. Bxg7 Kxg7 20. Rfe1 Qd7 21. Qd3 Qf7 22.
Re3 Bc8 23. Rae1 Ba6 24. Qd2 Rae8 25. Kf2 Bc4 26. Rxe8 Rxe8 27. Rxe8 Qxe8 28.
Nc1 Ne7 29. Qe3 Qd7 30. b3 Ba6 31. h4 Nc6 32. Nce2 Nd8 33. Nc1 Qe6 34. Nce2
Qxe3+ 35. Kxe3 g5 36. Nf5+ Kf7 37. h5 Ne6 38. g4 Ng7 39. Nxg7 Kxg7 40. Nc1 Kf7
41. Kf2 Ke6 42. Kg3 h6 1/2-1/2

[Event "ch-CHN w 2012"]
[Site "Xinghua CHN"]
[Date "2012.04.04"]
[Round "8"]
[White "Guo, Qi"]
[Black "Huang, Qian"]
[Result "1/2-1/2"]
[WhiteTitle "WGM"]
[BlackTitle "WGM"]
[WhiteElo "2351"]
[BlackElo "2399"]
[WhiteFideId "8604002"]
[BlackFideId "8602689"]
[EventDate "2012.03.27"]

1. d4 d6 2. Nf3 Bg4 3. e4 Nf6 4. h3 Bxf3 5. Qxf3 c6 6. Bd3 Nbd7 7. O-O e5 8. c3
g6 9. Be3 Bg7 10. Nd2 O-O 11. Qd1 d5 12. Qb3 dxe4 13. Nxe4 Nxe4 14. Bxe4 exd4
15. cxd4 Nf6 16. Bf3 Qb6 17. Rfd1 Qxb3 18. axb3 Rfd8 19. Bg5 Rd7 20. Bxf6 Bxf6
21. d5 cxd5 22. Rxd5 Rxd5 23. Bxd5 Bxb2 24. Bxb7 Bxa1 25. Bxa8 Bd4 26. Kf1 Bb6
27. Bd5 Kg7 28. Ke2 Bc5 29. Bc4 Bb6 30. Bd5 Bc5 31. Bc4 1/2-1/2

[Event "ch-CHN w 2012"]
[Site "Xinghua CHN"]
[Date "2012.04.04"]
[Round "8"]
[White "Gu, Xiaobing"]
[Black "Nie, Xin"]
[Result "1/2-1/2"]
[WhiteTitle "WGM"]
[WhiteElo "2257"]
[BlackElo "2053"]
[WhiteFideId "8602611"]
[BlackFideId "8605610"]
[EventDate "2012.03.27"]

1. e4 e5 2. Nf3 Nc6 3. Bb5 a6 4. Bxc6 dxc6 5. O-O f6 6. d4 Bg4 7. Be3 Bd6 8. c3
Ne7 9. Nbd2 exd4 10. cxd4 Qd7 11. Re1 O-O 12. Qb3+ Be6 13. Qc2 Ng6 14. Rad1 Rae8
15. a3 Qf7 16. Qc3 Nf4 17. Kh1 Qg6 18. Bxf4 Bxf4 19. Qb4 Rb8 20. d5 Bd6 21. Qb3
cxd5 22. exd5 Bf5 23. Nd4 Bg4 24. f3 Qh5 25. Nf1 Bd7 26. Ne6 Rfe8 27. Nxc7 Rec8
28. Ne6 Bb5 29. f4 Qg6 30. Nd2 Bd3 31. Qb6 Bf8 32. Rc1 Rxc1 33. Rxc1 Qh5 34.
Nxf8 Rxf8 35. Qe6+ Qf7 36. h3 Re8 37. Qxf7+ Kxf7 38. Rc7+ Kg6 39. d6 Rd8 40. d7
Bb5 41. Rxb7 Bxd7 42. Nc4 Bb5 43. Ne3 h5 44. h4 Rd4 45. f5+ Kh6 46. Kg1 Rxh4 47.
g3 Rd4 48. Rb8 Rd3 49. Kf2 Rd2+ 50. Kg1 Rxb2 51. a4 Rb1+ 52. Kf2 Bd3 53. Rh8+
Kg5 54. Rg8 Rb2+ 55. Kf3 Rb7 56. Rd8 Bxf5 57. Rd5 g6 58. Ra5 Rb6 59. Nc4 Rb3+
60. Ne3 Rb6 61. Nc4 Rb1 62. Rxa6 Bd3 63. Ra5+ f5 64. Nd2 Re1 65. Rc5 h4 66.
gxh4+ Kxh4 67. Rc3 Ba6 68. Kf4 Ra1 69. Nf3+ Kh5 70. Nd4 Rf1+ 71. Ke5 Re1+ 72.
Kf6 Re4 73. Nxf5 gxf5 74. Kxf5 Rh4 75. a5 Rh1 76. Ra3 Rf1+ 77. Ke5 Rd1 78. Ra4
Kg5 79. Rd4 Rc1 80. Rd5 Kg4 81. Kd6 Kf4 82. Rc5 Rb1 83. Rc6 Bd3 84. Kc7 Ke5 85.
Rc3 Bf1 86. Ra3 Ba6 87. Rh3 Kd5 88. Rh5+ Kc4 89. Rh8 Kc5 90. Rb8 Ra1 91. Rh8 Kb5
92. Rh5+ Kb4 93. Kb6 Bc4 94. Rh4 Rf1 95. a6 Rf6+ 96. Kb7 Kc5 97. Rxc4+ Kxc4 98.
a7 Rf7+ 99. Kb6 1/2-1/2

[Event "ch-CHN w 2012"]
[Site "Xinghua CHN"]
[Date "2012.04.04"]
[Round "8"]
[White "Wang, Xiaohui"]
[Black "Zhang, Xiaowen"]
[Result "0-1"]
[WhiteTitle "WIM"]
[BlackTitle "WGM"]
[WhiteElo "2209"]
[BlackElo "2354"]
[WhiteFideId "8603073"]
[BlackFideId "8603219"]
[EventDate "2012.03.27"]

1. d4 Nf6 2. c4 g6 3. Nc3 Bg7 4. e4 d6 5. Be2 O-O 6. Bg5 a6 7. Nf3 Bg4 8. h3
Bxf3 9. Bxf3 Nfd7 10. Qd2 Nc6 11. Ne2 Qe8 12. g3 e5 13. d5 Nd4 14. Bg2 f5 15.
Nc3 f4 16. gxf4 h6 17. Bh4 exf4 18. f3 Ne5 19. O-O Nxc4 20. Qc1 Ne3 21. Bf2 Qe5
22. Kh1 Qg5 23. Rg1 Qh5 24. Bxe3 fxe3 25. Rf1 e2 26. Rf2 Qh4 27. Kg1 Nxf3+ 28.
Rxf3 Rxf3 29. Bxf3 Bd4+ 30. Kh2 Be5+ 31. Kg1 Qg3+ 32. Bg2 Rf8 0-1

[Event "ch-CHN w 2012"]
[Site "Xinghua CHN"]
[Date "2012.04.05"]
[Round "9"]
[White "Zhang, Xiaowen"]
[Black "Wang, Yu A."]
[Result "1/2-1/2"]
[WhiteTitle "WGM"]
[BlackTitle "IM"]
[WhiteElo "2354"]
[BlackElo "2372"]
[WhiteFideId "8603219"]
[BlackFideId "8601097"]
[EventDate "2012.03.27"]

1. e4 e5 2. Nf3 Nc6 3. Bb5 a6 4. Ba4 d6 5. c3 Bd7 6. O-O g6 7. d3 Bg7 8. Nbd2
Nf6 9. Re1 O-O 10. Nf1 b5 11. Bc2 Nh5 12. h3 h6 13. d4 Qc8 14. dxe5 dxe5 15.
N3h2 Nd8 16. Ne3 Nf4 17. Nd5 Nxd5 18. exd5 f5 19. f4 e4 20. Be3 Nf7 21. Bd4 Qd8
22. Nf1 Qh4 23. Bxg7 Kxg7 24. Qd4+ Qf6 25. Qc5 Qd6 26. Qd4+ Qf6 27. Qc5 Qd6 28.
Qd4+ 1/2-1/2

[Event "ch-CHN w 2012"]
[Site "Xinghua CHN"]
[Date "2012.04.05"]
[Round "9"]
[White "Tan, Zhongyi"]
[Black "Wang, Xiaohui"]
[Result "1/2-1/2"]
[WhiteTitle "WGM"]
[BlackTitle "WIM"]
[WhiteElo "2438"]
[BlackElo "2209"]
[WhiteFideId "8603642"]
[BlackFideId "8603073"]
[EventDate "2012.03.27"]

1. d4 d5 2. c4 c6 3. Nf3 Nf6 4. Nc3 e6 5. Bg5 Nbd7 6. e3 Be7 7. Bd3 O-O 8. O-O
h6 9. Bh4 dxc4 10. Bxc4 b5 11. Bd3 Bb7 12. Rc1 a6 13. a4 Rc8 14. Qe2 b4 15. Bxf6
Nxf6 16. Ne4 Nxe4 17. Bxe4 Qc7 18. Nd2 c5 19. dxc5 Bxe4 20. Nxe4 Qc6 21. Qc4
Qxa4 22. c6 Rc7 23. Nc3 Qa5 24. Ne2 Rfc8 25. Nd4 Bf6 26. Rc2 Qb6 27. Rfc1 Bxd4
28. Qxd4 Qxd4 29. exd4 Kf8 30. g3 Rb8 31. Rc5 Rb6 32. b3 Ke7 33. R1c4 Kd6 34.
Kf1 f5 35. h4 Rbxc6 36. Rxc6+ Rxc6 37. Rxb4 Kd5 38. h5 Ke4 39. Kg2 e5 40. dxe5+
Kxe5 41. Rb7 Kf6 1/2-1/2

[Event "ch-CHN w 2012"]
[Site "Xinghua CHN"]
[Date "2012.04.05"]
[Round "9"]
[White "Nie, Xin"]
[Black "Wang, Jue"]
[Result "0-1"]
[WhiteElo "2053"]
[BlackElo "2366"]
[WhiteFideId "8605610"]
[BlackFideId "8604070"]
[EventDate "2012.03.27"]

1. d4 Nf6 2. c4 g6 3. Nc3 Bg7 4. e4 d6 5. f3 O-O 6. Nge2 e5 7. Bg5 c6 8. d5 a6
9. Qd2 b5 10. cxb5 axb5 11. dxc6 Nxc6 12. Nxb5 h6 13. Be3 d5 14. exd5 Nxd5 15.
Bc5 Nd4 16. Bxf8 Qh4+ 17. Ng3 Bxf8 18. a3 Bb7 19. Rb1 Re8 20. Nc3 Bc5 21. Ne4
Bb6 22. Bc4 Rd8 23. Bxd5 Bxd5 24. Qc3 f5 25. Nf2 f4 26. Nge4 Kh7 27. Rd1 Nxf3+
28. gxf3 Bxe4 29. Rf1 Bxf2+ 30. Rxf2 Rxd1+ 31. Kxd1 Qxf2 32. Qc7+ Kg8 33. Qd8+
Kf7 34. Qd7+ Kf6 35. Qd6+ Kg5 36. Qe7+ Kh5 37. fxe4 Qxb2 38. Qb4 Qxh2 39. a4 f3
40. Qe1 Qg2 41. Qc3 Qe2+ 42. Kc1 Qxe4 43. a5 Qf4+ 44. Kd1 f2 45. Qh3+ Kg5 46.
Qg2+ Kf5 47. Qh3+ Ke4 48. Ke2 f1=Q+ 49. Qxf1 Qxf1+ 50. Kxf1 Kd5 0-1

[Event "ch-CHN w 2012"]
[Site "Xinghua CHN"]
[Date "2012.04.05"]
[Round "9"]
[White "Huang, Qian"]
[Black "Gu, Xiaobing"]
[Result "1-0"]
[WhiteTitle "WGM"]
[BlackTitle "WGM"]
[WhiteElo "2399"]
[BlackElo "2257"]
[WhiteFideId "8602689"]
[BlackFideId "8602611"]
[EventDate "2012.03.27"]

1. d4 Nf6 2. c4 g6 3. Nc3 Bg7 4. Nf3 d6 5. e3 O-O 6. Be2 Nbd7 7. O-O e5 8. Qc2
Re8 9. b3 c6 10. Ba3 Qc7 11. Rfd1 exd4 12. Nxd4 Nc5 13. h3 Nfe4 14. Nxe4 Nxe4
15. Bb2 Qe7 16. Nf3 Bf5 17. Bxg7 Kxg7 18. Bd3 Rad8 19. Nd4 Bc8 20. Bxe4 Qxe4 21.
Qxe4 Rxe4 22. Ne2 a6 23. Rd2 Kf8 24. Rad1 Ke7 25. c5 Re6 26. Nd4 Rf6 27. e4 Rd7
28. b4 Kf8 29. f3 Re7 30. Nb3 dxc5 31. Rd8+ Re8 32. Nxc5 b6 33. Na4 c5 34. bxc5
bxc5 35. Nxc5 Rc6 36. Nb3 Rxd8 37. Rxd8+ Ke7 38. Rd2 Be6 39. Nd4 Rc4 40. Nxe6
Kxe6 41. Kf2 Ra4 42. Ke3 f5 43. Kf4 Kf6 44. h4 h6 45. Rc2 g5+ 46. hxg5+ hxg5+
47. Ke3 fxe4 48. fxe4 Ke5 49. Kf3 Kf6 50. Re2 Ke5 51. Kg4 Kf6 52. Kh5 Rb4 53.
Rf2+ Ke7 54. Kxg5 Rxe4 55. g4 Rb4 56. Kh5 Rb1 57. g5 Rh1+ 58. Kg6 Rg1 59. Rf7+
Ke8 60. Ra7 Rg2 61. Rxa6 Kf8 62. a4 Rg1 63. Ra7 Rg2 64. a5 Rg1 65. a6 Ra1 66.
Rf7+ Kg8 67. Rf6 Ra5 68. Rb6 Kf8 69. Kf6 Kg8 70. Rb8+ 1-0

[Event "ch-CHN w 2012"]
[Site "Xinghua CHN"]
[Date "2012.04.05"]
[Round "9"]
[White "Ding, Yixin"]
[Black "Guo, Qi"]
[Result "1/2-1/2"]
[WhiteTitle "WGM"]
[BlackTitle "WGM"]
[WhiteElo "2350"]
[BlackElo "2351"]
[WhiteFideId "8602972"]
[BlackFideId "8604002"]
[EventDate "2012.03.27"]

1. e4 c6 2. c4 d5 3. cxd5 cxd5 4. exd5 Nf6 5. Nc3 Nxd5 6. Nf3 Nxc3 7. bxc3 g6 8.
Bc4 Bg7 9. O-O O-O 10. Ba3 Nc6 11. Re1 Bg4 12. d4 Qa5 13. Bb2 e5 14. d5 Rad8 15.
Qb3 Bxf3 16. gxf3 e4 17. f4 Qc7 18. dxc6 Qxf4 19. Re3 Rd2 20. Rf1 Be5 21. Rg3 e3
22. Bc1 exf2+ 23. Kh1 Qh4 24. Rg2 Bxh2 25. Rxh2 Qe4+ 26. Rg2 Qh4+ 27. Rh2 Qe4+
28. Rg2 Qh4+ 29. Rh2 1/2-1/2